Name a valid country #2 - Statistics

General Stats
  • This quiz has been taken 954 times
  • The average score is 8 of 9
Answer Stats
Hint Answer % Correct
Countries in the EU that don't use the euro Bulgaria/United Kingdom/Croatia/Czechia/Denmark/Hungary/Poland/Romania/Sweden/Switzerland
98%
Nordic Countries Norway/Sweden/Finland/Denmark/Iceland
98%
Countries that speak English officially in Asia Nepal/Pakistan/Phillippines/Singapore/India
95%
Are majority eastern Orthodoxy Moldova/Greece/Serbia/Romania/Georgia/Cyprus/Bulgaria/Russia/Ukraine/Montenegro/North Macedonia/Belarus
88%
Countries with Radisson Blu Hotels in Africa Algeria/Chad/Ivory Coast/Egypt/Ethiopia/Gabon/Kenya/Libya/Mali/Mauritius/Morocco/Mozambique/Niger/Nigeria/Congo/Rwanda/Senegal/Sierra Leone/South Africa/Tunisia/Zambia
87%
Balkan Countries Bosnia and Herzegovina/Bulgaria/Croatia/Kosovo/North Macedonia/Montenegro/Serbia/Slovenia/Slovakia
87%
Countries involved in the 2004 Boxing day tsunami India/Indonesia/Malaysia/Maldives/Myanmar/Somalia/Sri Lanka/Thailand/Kenya/Seychelles/South Africa/Tanzania/Yemen/Australia/Madagascar/Mauritius/Oman
86%
Countries that are absolute monarchies Brunei/Oman/Qatar/Saudi Arabia/Eswatini/Vatican City/United Arab Emirates
84%
Countries that use more than 1 currency Bhutan/Cyprus/Guatemala/Lesotho/Namibia/Panama/China
57%
No matching quizzes found
Score Distribution
Percent of People with Each Score
Percentile by Number Answered
Your Score History
You have not taken this quiz